Guess The Transformers ( Very Random) - Statistics

General Stats
  • This quiz has been taken 10 times
  • The average score is 31 of 62
Answer Stats
Hint Answer % Correct
Autobot Optimus Prime
89%
Combaticon Blast-off
78%
Combaticon Brawl
78%
Autobot Bumblebee
78%
Combaticon Onslaught
78%
Maximal Rattrap
78%
Dinobot Swoop
78%
Combaticon Vortex
78%
Constructicon Bonecrusher
67%
Combiner Bruticus
67%
Minicon Frenzy
67%
Autobot Ironhide
67%
Autobot Jazz
67%
Constructicon Long Haul
67%
Predacon Megatron
67%
Autobot Ratchet
67%
Dinobot Slag/Slug
67%
Dinobot Sludge
67%
Combaticon Swindle
67%
Aerial bot Air Raid
56%
Stunticon Breakdown
56%
Minicon Buzzsaw
56%
Maximal Cheetor
56%
Constructicon Hook
56%
Constructicon Hook
56%
Autobot Hot Rod/ Rodimus Prime
56%
Minicon Laserbeak
56%
Minicon Ratbat
56%
Minicon Ravage
56%
Maximal Rhinox
56%
Minicon Rumble
56%
Stunticon Dead End
44%
Combiner Devastator
44%
Stunticon Drag Strip
44%
Combiner Menasor
44%
Stunticon Motormaster
44%
Autobot Prowl
44%
Aerial bot Silverbolt
44%
Seeker Skywarp
44%
Dinobot Snarl
44%
Dinobot Snarl
44%
Decepticon Soundwave
44%
Combiner Superion
44%
Seeker Thundercracker
44%
Predacon Waspinator
44%
Combiner Computron
33%
Autobot Drift
33%
Aerial bot Fireflight
33%
Mercrenary Lockdown
33%
Decepticon Shockwave
33%
Aerial bot Skydive
33%
Aerial bot Slingshot
33%
Autobot Wheeljack
33%
Stunticon Wildrider
33%
Seeker Acid Storm
22%
Combiner Metroplex
22%
Wrecker Ultra Magnus
22%
Predacon Dinobot
11%
Maximal Dinobot 2/II
11%
Combiner Volcanicus
11%
Autobot Warpath
11%
Mercrenary Nightbird
0%
No matching quizzes found
Score Distribution
Percent of People with Each Score
Percentile by Number Answered
Your Score History
You have not taken this quiz